Kliknij regiony Finlandii na mapie - Statystyki

Ogólne statystyki
  • Ten quiz został rozwiązany 24 razy
    11 od ostatniego zresetowania
  • Średni wynik to 10 z 19
Odpowiedzi na mapie
Odpowiedzi zakodowano w zielono-czerwonej skali na mapie do tego quizu, zgodnie z poniższymi procentami.
 
Statystyki odpowiedzi
Odpowiedź % Poprawnych
Finlandia Południowo-Zachodnia
100%
Laponia
100%
Wyspy Alandzkie
100%
Karelia Północna
75%
Finlandia Środkowa
63%
Karelia Południowa
63%
Ostrobotnia Południowa
63%
Sawonia Południowa
63%
Uusimaa
63%
Kainuu
50%
Sawonia Północna
50%
Ostrobotnia
38%
Ostrobotnia Północna
38%
Satakunta
38%
Kymenlaakso
25%
Kanta-Häme
13%
Ostrobotnia Środkowa
13%
Päijät-Häme
13%
Pirkanmaa
13%
Nie znaleziono quizów pasujących do podanych kryteriów
Rozkład punktacji
Procent ludzi z każdym wynikiem
Percentyl według liczby udzielonych odpowiedzi
Twoja historia wyników
Nie rozwiązałeś tego quizu od ostatniego zresetowania